Leyes administrativas : compendio de legislación /

Guardado en:
Formato: Libro
Idioma:Undetermined
Publicado: Ciudad Autónoma de Buenos Aires : Erreius, 2025.
Edición:1a. ed.
Series:Separatas de legislación
Materias:
Etiquetas: Agregar Etiqueta
Sin Etiquetas, Sea el primero en etiquetar este registro!
LEADER 00653nam a22001815a 4500
001 DER.der015238
008 250627s2025####xx############000#0#und#d
005 20250627121739.0
245 1 0 |a Leyes administrativas :  |b compendio de legislación /  |c Argentina. 
250 |a 1a. ed. 
260 |a Ciudad Autónoma de Buenos Aires :  |b Erreius,  |c 2025. 
300 |a 340 p. 
490 1 |a Separatas de legislación 
500 |a Parte pertinente de la Constitución de la Nación Argentina. Leyes nacionales. Decretos nacionales. 
020 |a 9789877935615 
130 0 |a Argentina - Leyes 
650 7 |a DERECHO ADMINISTRATIVO 
859 |a DERECHO  |b BIB. DERECHO  |h 342.066  |i ARG  |p 0010626